01125nam a2200253Ia 4500003000900000008004100009020001800050040001600068080002300084111009900107245024800206260003700454300001600491490005100507650001000558650002500568700002800593700002800621700003100649700002600680942000700706999001700713952014100730IN-BaIIA211028s9999 xx 000 0 eng d a1-4020-0644-6 cIIA Library a52(082.1)bASS-274 aInternational Conference on New Quests in Stellar AstrophysicscMexicod2001 Mar. 26-30929600 0aNew quests in stellar astrophysics-the link between stars and cosmologybproceedings of the International conference held Puerto Vallarta, Mexico, 26-30 Mar 2001cedited by Miguel Chavez…[et al.]  aDordrechtbKluwer Academicc2002 aIxiv, 311p. aAstrophysics and space science library; v. 274 aStars aStellar astrophysics aBressan, A., ed.929601 aBuzzoni, A., ed.929602 aChavez, Miguel, ed.929603 aMayya, D., ed.929604 cBK c16007d16007 00104070aBANbBANcGENd2005-11-25eANJ g7179.70l0o52(082.1)/ ASS-274p16929r2021-11-05v7179.70w2005-11-25yBKGRs. 7179.70